|
|
|
|
| LEADER |
00000nam a2200000 a 4500 |
| 001 |
vtls001474132 |
| 003 |
SK-MaSNL |
| 005 |
20260301225433.0 |
| 008 |
240314s2000 hu oj g h 00001chun |
| 020 |
|
|
|a 9638613807
|q (viaz.)
|
| 035 |
|
|
|a SNK000429434
|
| 040 |
|
|
|a SNK
|b slo
|c SNK
|e AACR2
|
| 072 |
|
7 |
|a 821.51
|x Uralskoaltajské literatúry
|2 konspekt
|
| 080 |
|
|
|a 821.511.141-1-051
|2 MDT-MRF
|
| 080 |
|
|
|a 82.09
|2 MDT-MRF
|
| 080 |
|
|
|a 929
|2 MDT-MRF
|
| 080 |
|
|
|a (048.8)
|2 MDT-MRF
|
| 100 |
1 |
|
|a Czeizel, Endre
|d 1935-
|4 aut
|9 619019
|
| 245 |
1 |
0 |
|a Költők, gének, titkok
|b a magyar géniuszok családfaelemzése
|c Czeizel Endre
|
| 260 |
|
|
|a Budapest
|b Galenus
|c 2000
|
| 300 |
|
|
|a 273 s.
|b fotogr.
|c 25 cm
|e 16 genealogiických tab. príl.
|
| 650 |
0 |
7 |
|a maďarskí básnici
|2 SNKPH
|9 74803
|
| 650 |
0 |
7 |
|a maďarská literatúra
|2 SNKPH
|9 1193
|
| 655 |
|
7 |
|a biografie
|2 SNKPH
|9 27965
|
| 655 |
|
7 |
|a prehľady
|2 SNKPH
|9 70194
|
| 919 |
|
|
|a 963-86138-0-7
|
| 999 |
|
|
|c 950877
|d 952807
|
| 952 |
|
|
|t P60, <04>, [BOOK], {604}, -K-
|a SNK
|b SNK
|y VYP
|7 0
|p 17A0441011
|o snkIC 131556/príl.3
|i snkV 1158/2004
|8 2
|g 20.81
|0 0
|1 0
|4 0
|d 2004-08-24
|l 0
|r 2005-01-02 00:00:00
|w 2026-02-24
|
| 952 |
|
|
|t P60, <04>, [BOOK], {604}, -K-
|a SNK
|b SNK
|y VYP
|7 0
|p 17A0441026
|o snkIC 131556/príl.16
|i snkV 1158/2004
|8 2
|g 20.81
|0 0
|1 0
|4 0
|d 2004-08-24
|l 0
|r 2005-01-02 00:00:00
|w 2026-02-24
|
| 952 |
|
|
|t P60, <04>, [BOOK], {604}, -K-
|a SNK
|b SNK
|y VYP
|7 0
|p 17A0441010
|o snkIC 131556
|i snkV 1158/2004
|8 2
|g 20.81
|0 0
|1 0
|4 0
|d 2004-04-29
|l 0
|r 2005-01-02 00:00:00
|w 2026-02-24
|
| 952 |
|
|
|t P60, <04>, [BOOK], {604}, -K-
|a SNK
|b SNK
|y VYP
|7 0
|p 17A0441014
|o snkIC 131556/príl.1
|i snkV 1158/2004
|8 2
|g 20.81
|0 0
|1 0
|4 0
|d 2004-08-24
|l 0
|r 2005-01-02 00:00:00
|w 2026-02-24
|
| 952 |
|
|
|t P60, <04>, [BOOK], {604}, -K-
|a SNK
|b SNK
|y VYP
|7 0
|p 17A0441015
|o snkIC 131556/príl.2
|i snkV 1158/2004
|8 2
|g 20.81
|0 0
|1 0
|4 0
|d 2004-08-24
|l 0
|r 2005-01-02 00:00:00
|w 2026-02-24
|
| 952 |
|
|
|t P60, <04>, [BOOK], {604}, -K-
|a SNK
|b SNK
|y VYP
|7 0
|p 17A0441016
|o snkIC 131556/príl.4
|i snkV 1158/2004
|8 2
|g 20.81
|0 0
|1 0
|4 0
|d 2004-08-24
|l 0
|r 2005-01-02 00:00:00
|w 2026-02-24
|
| 952 |
|
|
|t P60, <04>, [BOOK], {604}, -K-
|a SNK
|b SNK
|y VYP
|7 0
|p 17A0441017
|o snkIC 131556/príl.5
|i snkV 1158/2004
|8 2
|g 20.81
|0 0
|1 0
|4 0
|d 2004-08-24
|l 0
|r 2005-01-02 00:00:00
|w 2026-02-24
|
| 952 |
|
|
|t P60, <04>, [BOOK], {604}, -K-
|a SNK
|b SNK
|y VYP
|7 0
|p 17A0441018
|o snkIC 131556/príl.6
|i snkV 1158/2004
|8 2
|g 20.81
|0 0
|1 0
|4 0
|d 2004-08-24
|l 0
|r 2005-01-02 00:00:00
|w 2026-02-24
|
| 952 |
|
|
|t P60, <04>, [BOOK], {604}, -K-
|a SNK
|b SNK
|y VYP
|7 0
|p 17A0441019
|o snkIC 131556/príl.7
|i snkV 1158/2004
|8 2
|g 20.81
|0 0
|1 0
|4 0
|d 2004-08-24
|l 0
|r 2005-01-02 00:00:00
|w 2026-02-24
|
| 952 |
|
|
|t P60, <04>, [BOOK], {604}, -K-
|a SNK
|b SNK
|y VYP
|7 0
|p 17A0441012
|o snkIC 131556/príl.8
|i snkV 1158/2004
|8 2
|g 20.81
|0 0
|1 0
|4 0
|d 2004-08-24
|l 0
|r 2005-01-02 00:00:00
|w 2026-02-24
|
| 952 |
|
|
|t P60, <04>, [BOOK], {604}, -K-
|a SNK
|b SNK
|y VYP
|7 0
|p 17A0441025
|o snkIC 131556/príl.9
|i snkV 1158/2004
|8 2
|g 20.81
|0 0
|1 0
|4 0
|d 2004-08-24
|l 0
|r 2005-01-02 00:00:00
|w 2026-02-24
|
| 952 |
|
|
|t P60, <04>, [BOOK], {604}, -K-
|a SNK
|b SNK
|y VYP
|7 0
|p 17A0441020
|o snkIC 131556/príl.10
|i snkV 1158/2004
|8 2
|g 20.81
|0 0
|1 0
|4 0
|d 2004-08-24
|l 0
|r 2005-01-02 00:00:00
|w 2026-02-24
|
| 952 |
|
|
|t P60, <04>, [BOOK], {604}, -K-
|a SNK
|b SNK
|y VYP
|7 0
|p 17A0441021
|o snkIC 131556/príl.11
|i snkV 1158/2004
|8 2
|g 20.81
|0 0
|1 0
|4 0
|d 2004-08-24
|l 0
|r 2005-01-02 00:00:00
|w 2026-02-24
|
| 952 |
|
|
|t P60, <04>, [BOOK], {604}, -K-
|a SNK
|b SNK
|y VYP
|7 0
|p 17A0441022
|o snkIC 131556/príl.12
|i snkV 1158/2004
|8 2
|g 20.81
|0 0
|1 0
|4 0
|d 2004-08-24
|l 0
|r 2005-01-02 00:00:00
|w 2026-02-24
|
| 952 |
|
|
|t P60, <04>, [BOOK], {604}, -K-
|a SNK
|b SNK
|y VYP
|7 0
|p 17A0441023
|o snkIC 131556/príl.13
|i snkV 1158/2004
|8 2
|g 20.81
|0 0
|1 0
|4 0
|d 2004-08-24
|l 0
|r 2005-01-02 00:00:00
|w 2026-02-24
|
| 952 |
|
|
|t P60, <04>, [BOOK], {604}, -K-
|a SNK
|b SNK
|y VYP
|7 0
|p 17A0441024
|o snkIC 131556/príl.14
|i snkV 1158/2004
|8 2
|g 20.81
|0 0
|1 0
|4 0
|d 2004-08-24
|l 0
|r 2005-01-02 00:00:00
|w 2026-02-24
|
| 952 |
|
|
|t P60, <04>, [BOOK], {604}, -K-
|a SNK
|b SNK
|y VYP
|7 0
|p 17A0441027
|o snkIC 131556/príl.15
|i snkV 1158/2004
|8 2
|g 20.81
|0 0
|1 0
|4 0
|d 2004-08-24
|l 0
|r 2005-01-02 00:00:00
|w 2026-02-24
|